000 00701nam a2200265Ia 4500
003 OSt
005 20221006142501.0
006 a|||||r|||| 00| 0
007 ta
008 221006b |||||||| |||| 00| 0 eng d
020 _c
_4.95
024 _a6,454
037 _cTextual
040 _aEASL
_cEASL
_beng
041 _2eng
_aeng
082 _aY.41.N6, K2
100 _aHEVI Emmanuel John
_9109307
245 0 _aAfrican student in China
260 _aNew York
_bFrederick A. Praeger Pub.
_c1962
300 _a220p.
_ccm.
490 _v CEL
650 _aForiegn students - china
_9647818
942 _hY.41.N6, K2
_cTEXL
_2CC
999 _c1074540
_d1074540